20 mots du vocabulaire de l'humour en anglais - Statistiques

Statistiques générales
  • Ce quiz a été pris 174 fois
  • Le résultat moyen est 8 sur 20
Statistiques - réponses
Anglais Indice Français % Correct
Dark humor H Humour noir
96%
Joke B Blague
95%
Funny D Drôle
94%
Irony I Ironie
90%
Mockery M Moquerie
88%
Laughter (nom) R Rire
84%
Prank F Farce
73%
Entertainment D Divertissement
65%
Joker F Farceur
30%
To chuckle R Ricaner
21%
To laugh out loud R Rire aux éclats
16%
To guffaw S' S'esclaffer
9%
To cackle G Glousser
6%
Spoonerism C Contrepèterie
5%
Pun C Calembour
4%
To fool around F Faire l'idiot
3%
Dash of wit T Trait d'esprit
3%
Deadpan P Pince-sans-rire
2%
To pull one' leg F Faire marcher quelqu'un
1%
To mess with someone T Tacquiner quelqu'un
0%
Aucun quiz correspondant
Distribution des résultats
% des personnes avec chaque résultat
Percentile par nombre de réponses
Votre historique - résultats
Vous n’avez pas pris ce quiz